01467nam a2200277 a 4500001001000000003000900010005001700019007000300036008004100039040002500080082001600105100003700121245015300158250001100311260004500322300003500367590002600402910001100428942001400439952011700453952011700570952012900687952017500816952018100991999001701172000026889DO-SdBNP20250206123232.0ta110328s1989 dr ac r 000 0 spa d aDO-SdBNPbspacBNPHU axxxxbG861d1 aGrimaldi, Víctor,d1949-9169913aEl diario secreto de la intervención norteamericana de 1965 :bcon un apéndice de nuevos documentos sobre El golpe de 1963 /cVíctor Grimaldi. a2a ed. aSanto Domingo :bAmigo del Hogar,c1989. a329 p. :bil., retr. ;c24 cm. aInventariado, 2019/VM aVMateo 2ddccLBS1 00102ddc56708PDaBNPHUbBNPHUcHDd2011-08-01iLF1oxxxx G861dp26889-30r2020-06-25te. 3w2020-06-25yLBS1 00112ddc56708PDaBNPHUbBNPHUcCTd2011-08-08iLF1oxxxx G861dp26889-40r2020-06-25te. 4w2020-06-25yLBS1 001154708DSaGRbGRcMId2015-02-17iLF1l0oxxxx G861dp26889-50r2020-06-25te. 5w2020-06-25yLFDSZPréstamo en sala 00102ddc51708PDaBNPHUbBNPHUcHDd2011-03-28iLF1oxxxx G861dp26889-10r2020-06-25w2020-06-25yLBS1zPerteneció a la bibliteca personal de Germán Emilio Ornes. 00102ddc51708PDaBNPHUbBNPHUcHDd2011-03-28iLF1oxxxx G861dp26889-20r2020-06-25te. 2w2020-06-25yLBS1zPerteneció a la bibliteca personal de Germán Emilio Ornes. c26381d26381